[Event "Gerunda Tardor 3rd op"]
[Site "Gerunda"]
[Date "2019.10.01"]
[Round "2.5"]
[White "Alarcon Pages, Salvador"]
[Black "Ginesta Vila, Lluis"]
[Result "1-0"]
[WhiteElo "1953"]
[BlackElo "1665"]
[PlyCount "75"]
[EventDate "2019.09.24"]
[EventType "swiss"]
[EventRounds "9"]
[EventCountry "ESP"]
[SourceTitle "EXT 2024"]
[Source "ChessBase"]
[SourceDate "2023.10.10"]
[SourceVersion "1"]
[SourceVersionDate "2023.10.10"]
[SourceQuality "1"]

1. e4 e5 2. Nf3 Nf6 3. Nc3 Nc6 4. Bb5 d6 5. d4 Bd7 6. dxe5 Nxe5 7. Nxe5 dxe5 8. Bg5 c6 9. Be2 h6 10. Be3 Qc7 11. 0-0 Bd6 12. Qd2 0-0 13. Rad1 Bb4 14. Bxh6 gxh6 15. Qxh6 Nh7 16. f4 Qd8 17. fxe5 Qg5 18. Qxg5+ Nxg5 19. Rxd7 Bxc3 20. bxc3 Nxe4 21. Rxb7 Nxc3 22. Bc4 Nd5 23. Bxd5 cxd5 24. Rd7 Rac8 25. Rf2 Rc5 26. Rxa7 d4 27. Rd7 Rxe5 28. Rxd4 Re1+ 29. Rf1 Re2 30. Rg4+ Kh7 31. Rf3 Re6 32. Rh3+ Rh6 33. Rxh6+ Kxh6 34. Rc4 Ra8 35. a4 f5 36. Kf2 Kg5 37. Kf3 Rh8 38. h4+ 1-0

[Event "Gerunda Tardor 3rd op"]
[Site "Gerunda"]
[Date "2019.09.24"]
[Round "1.5"]
[White "Romera Fernandez, Manel"]
[Black "Alarcon Pages, Salvador"]
[Result "0-1"]
[WhiteElo "1700"]
[BlackElo "1953"]
[PlyCount "84"]
[EventDate "2019.09.24"]
[EventType "swiss"]
[EventRounds "9"]
[EventCountry "ESP"]
[SourceTitle "EXT 2024"]
[Source "ChessBase"]
[SourceDate "2023.10.10"]
[SourceVersion "1"]
[SourceVersionDate "2023.10.10"]
[SourceQuality "1"]

1. Nf3 d5 2. b3 Nf6 3. Bb2 e6 4. g3 Be7 5. Bg2 0-0 6. 0-0 c5 7. d3 Nc6 8. Nbd2 Rb8 9. h3 b6 10. c4 d4 11. Re1 Bb7 12. Nf1 Nd7 13. e3 e5 14. e4 Bc8 15. Bc1 Re8 16. Rb1 a5 17. a4 Nf8 18. Bd2 Ng6 19. Qc1 f5 20. Bg5 Bxg5 21. Qxg5 Qxg5 22. Nxg5 Nb4 23. Rbd1 h6 24. exf5 Bxf5 25. Ne4 Bxe4 26. Bxe4 Kf7 27. Nd2 Ne7 28. Nf3 Kf6 29. Re2 g5 30. Ne1 g4 31. Nc2 Na2 32. Rf1 Nc3 33. Ree1 Kg7 34. f4 gxf3 35. Rxf3 Rf8 36. Kg2 Rfe8 37. Na3 Ng8 38. Nb1 Nxb1 39. Rxb1 Rf8 40. Rbf1 Nf6 41. Re1 Nxe4 42. Rxf8 Rxf8 0-1

[Event "Santa Eugenia op 14th"]
[Site "Girona"]
[Date "2019.07.31"]
[Round "6"]
[White "Alarcon Pages, Salvador"]
[Black "Rex, Torsten Claus"]
[Result "0-1"]
[WhiteElo "1744"]
[BlackElo "1972"]
[PlyCount "62"]
[EventDate "2019.07.29"]
[EventType "swiss"]
[EventRounds "9"]
[EventCountry "ESP"]
[SourceTitle "EXT 2020"]
[Source "ChessBase"]
[SourceDate "2019.10.17"]
[SourceVersion "1"]
[SourceVersionDate "2019.10.17"]
[SourceQuality "1"]

1. e4 c5 2. c4 Nc6 3. Nf3 e5 4. Nc3 d6 5. Be2 g6 6. d3 Bg7 7. Bd2 Nge7 8. Nd5 0-0 9. Qc1 Bg4 10. h3 Bxf3 11. Bxf3 Nxd5 12. cxd5 Nd4 13. h4 h5 14. Qd1 Qd7 15. Be3 f5 16. Bxd4 exd4 17. Qd2 Kh7 18. 0-0 f4 19. Qd1 Qf7 20. g4 hxg4 21. Bxg4 f3 22. Kh2 Be5+ 23. Kh3 Kg7 24. Rg1 Qf4 25. Rh1 Rf7 26. Qc1 Qf6 27. h5 Rh8 28. Be6 Rxh5+ 29. Kg4 Rxh1 30. Qxh1 Qf4+ 31. Kh3 Rf8 0-1

[Event "Santa Eugenia op 14th"]
[Site "Girona"]
[Date "2019.07.29"]
[Round "2"]
[White "Cheng, Justin Hong Chen"]
[Black "Alarcon Pages, Salvador"]
[Result "1-0"]
[WhiteElo "1357"]
[BlackElo "1744"]
[PlyCount "83"]
[EventDate "2019.07.29"]
[EventType "swiss"]
[EventRounds "9"]
[EventCountry "ESP"]
[SourceTitle "EXT 2020"]
[Source "ChessBase"]
[SourceDate "2019.10.17"]
[SourceVersion "1"]
[SourceVersionDate "2019.10.17"]
[SourceQuality "1"]

1. d4 d5 2. Nf3 Nf6 3. c4 e6 4. g3 Be7 5. Bg2 0-0 6. 0-0 Nbd7 7. Qc2 dxc4 8. Nbd2 Nb6 9. a4 a5 10. Nxc4 Nxc4 11. Qxc4 b6 12. Ne5 Ba6 13. Qc2 Nd5 14. Rd1 Bb7 15. Nc6 Bxc6 16. Qxc6 Rc8 17. e4 Nb4 18. Qc4 c5 19. d5 e5 20. f4 Bd6 21. Bd2 Qc7 22. Rf1 Qd7 23. b3 Kh8 24. Rae1 f6 25. h4 Qg4 26. Kh2 Qg6 27. Bh3 Rb8 28. Be6 Qe8 29. Bc1 b5 30. axb5 Qxb5 31. Qxb5 Rxb5 32. fxe5 Bxe5 33. Bf4 Nd3 34. Bxe5 Nxe1 35. Bd6 Rxb3 36. Bxf8 Nd3 37. d6 Rb2+ 38. Kh3 Rd2 39. Be7 Ne5 40. Rf5 c4 41. Rxe5 fxe5 42. d7 1-0

[Event "Girona Gerunda op"]
[Site "Girona"]
[Date "2018.10.02"]
[Round "2"]
[White "Alarcon Pages, Salvador"]
[Black "Angelats Pignatelli, Daniel"]
[Result "1-0"]
[WhiteElo "1946"]
[BlackElo "1876"]
[PlyCount "66"]
[EventDate "2018.09.25"]
[EventType "swiss"]
[EventRounds "9"]
[EventCountry "ESP"]
[SourceTitle "EXT 2020"]
[Source "ChessBase"]
[SourceDate "2019.10.17"]
[SourceVersion "1"]
[SourceVersionDate "2019.10.17"]
[SourceQuality "1"]

1. e4 g6 2. d4 Bg7 3. Nf3 d6 4. Be2 Nd7 5. Nc3 a6 6. Bc4 h6 7. 0-0 e6 8. d5 e5 9. Be3 Ngf6 10. a4 g5 11. b4 Nf8 12. b5 b6 13. Qe2 a5 14. Qd2 Ng6 15. Ne1 Nf4 16. Nd3 Qd7 17. Bxf4 gxf4 18. f3 h5 19. Kf2 Nh7 20. Ke2 Qe7 21. Rae1 Qh4 22. Kd1 Nf6 23. Rh1 Ke7 24. Kc1 Qg5 25. g3 Nh7 26. gxf4 exf4 27. Rhg1 Qh6 28. e5 Bf5 29. Rxg7 Qxg7 30. exd6+ Kd7 31. dxc7 Rhe8 32. d6 Rxe1+ 33. Qxe1 Re8 1-0

[Event "Girona Gerunda op"]
[Site "Girona"]
[Date "2018.09.25"]
[Round "1"]
[White "Puig Aliu, Daniel"]
[Black "Alarcon Pages, Salvador"]
[Result "0-1"]
[WhiteElo "1325"]
[BlackElo "1946"]
[PlyCount "38"]
[EventDate "2018.09.25"]
[EventType "swiss"]
[EventRounds "9"]
[EventCountry "ESP"]
[SourceTitle "EXT 2020"]
[Source "ChessBase"]
[SourceDate "2019.10.17"]
[SourceVersion "1"]
[SourceVersionDate "2019.10.17"]
[SourceQuality "1"]

1. d4 d5 2. g3 e6 3. Bg2 Be7 4. Nf3 Nc6 5. 0-0 h5 6. c4 h4 7. Nc3 hxg3 8. fxg3 dxc4 9. Bf4 g5 10. Be3 g4 11. Ne5 Nxe5 12. dxe5 Qxd1 13. Raxd1 c6 14. Ne4 Bd7 15. Ng5 Nh6 16. h4 Nf5 17. Bc1 Bc5+ 18. Kh2 Nxh4 19. Nxf7 Nf3# 0-1

[Event "Santa Eugenia op 13th"]
[Site "Santa Eugenia"]
[Date "2018.08.01"]
[Round "6"]
[White "Martin Roldan, Adam"]
[Black "Alarcon Pages, Salvador"]
[Result "0-1"]
[WhiteElo "1423"]
[BlackElo "1690"]
[PlyCount "81"]
[EventDate "2018.07.30"]
[EventType "swiss"]
[EventRounds "9"]
[EventCountry "ESP"]
[SourceTitle "CBM 185 Extra"]
[Source "ChessBase"]
[SourceDate "2018.07.29"]
[SourceVersion "1"]
[SourceVersionDate "2018.07.29"]
[SourceQuality "1"]

1. d4 d5 2. Bf4 Nf6 3. e3 e6 4. Nf3 Bd6 5. Bg3 0-0 6. Nbd2 c5 7. c3 cxd4 8. exd4 Nc6 9. Bd3 Be7 10. 0-0 Nh5 11. Qc2 h6 12. Rfe1 Nxg3 13. hxg3 Bf6 14. a4 a5 15. Nf1 Bd7 16. N1h2 Qe7 17. Qd2 Bg5 18. Nxg5 Qxg5 19. Qxg5 hxg5 20. Nf3 g4 21. Ne5 Nxe5 22. Rxe5 f6 23. Re2 Kf7 24. Bb5 Bxb5 25. axb5 b6 26. Ra4 Rh8 27. f3 gxf3 28. gxf3 Rh3 29. Kg2 Rah8 30. f4 Rh2+ 31. Kf3 Rxe2 32. Kxe2 Rh2+ 33. Ke3 Rxb2 34. c4 dxc4 35. Rxc4 Rxb5 36. Ra4 Ke7 37. Ra3 Rh5 38. Kd3 Kd6 39. Ke3 Rb5 40. Ra2 Rb3+ 41. Kf2 0-1

[Event "Santa Eugenia op 13th"]
[Site "Santa Eugenia"]
[Date "2018.07.31"]
[Round "3"]
[White "Alarcon Pages, Salvador"]
[Black "Urbano Cabrera, Moises"]
[Result "1/2-1/2"]
[WhiteElo "1690"]
[BlackElo "1731"]
[PlyCount "24"]
[EventDate "2018.07.30"]
[EventType "swiss"]
[EventRounds "9"]
[EventCountry "ESP"]
[SourceTitle "CBM 185 Extra"]
[Source "ChessBase"]
[SourceDate "2018.07.29"]
[SourceVersion "1"]
[SourceVersionDate "2018.07.29"]
[SourceQuality "1"]

1. e4 c5 2. c4 Nc6 3. Nf3 d6 4. Be2 Nf6 5. d3 e6 6. Nc3 Be7 7. 0-0 a6 8. Be3 Ng4 9. Bd2 Nf6 10. Be3 Ng4 11. Bd2 Nf6 12. Be3 Ng4 1/2-1/2

[Event "Figueres Nadal op 7th"]
[Site "Figueres"]
[Date "2017.12.29"]
[Round "5"]
[White "Alarcon Pages, Salvador"]
[Black "Pau Plana, Albert"]
[Result "1/2-1/2"]
[WhiteElo "1674"]
[BlackElo "2077"]
[PlyCount "63"]
[EventDate "2017.12.27"]
[EventType "swiss"]
[EventRounds "8"]
[EventCountry "ESP"]
[SourceTitle "CBM 182 Extra"]
[Source "ChessBase"]
[SourceDate "2018.02.23"]
[SourceVersion "1"]
[SourceVersionDate "2018.02.23"]
[SourceQuality "1"]

1. e4 c5 2. c4 Nc6 3. Nf3 g6 4. Be2 Bg7 5. Nc3 d6 6. d3 Nf6 7. Be3 0-0 8. h3 e5 9. 0-0 a6 10. Nd5 Nxd5 11. cxd5 Nd4 12. Nxd4 cxd4 13. Bd2 f5 14. f4 fxe4 15. dxe4 Qb6 16. Qb3 Qxb3 17. axb3 Bh6 18. Bb4 Bxf4 19. Bxd6 Rf7 20. Rf3 Be3+ 21. Kh2 Rxf3 22. Bxf3 Bd7 23. Bxe5 Re8 24. Bf6 Kf7 25. Bh4 d3 26. Bg3 Rc8 27. d6 d2 28. Rd1 Be6 29. Be5 Bxb3 30. Bc3 Bxd1 31. Bxd1 Ke6 32. Bxd2 1/2-1/2

[Event "Girona Gerunda op1st"]
[Site "Girona"]
[Date "2017.11.28"]
[Round "8"]
[White "Alarcon Pages, Salvador"]
[Black "Carranza Font, Joan"]
[Result "0-1"]
[WhiteElo "1948"]
[BlackElo "1979"]
[PlyCount "82"]
[EventDate "2017.09.26"]
[EventType "swiss"]
[EventRounds "9"]
[EventCountry "ESP"]
[SourceTitle "EXT 2019"]
[Source "ChessBase"]
[SourceDate "2018.10.10"]
[SourceVersion "1"]
[SourceVersionDate "2018.10.10"]
[SourceQuality "1"]

1. e4 e5 2. Nf3 Nc6 3. Bb5 f5 4. Bxc6 dxc6 5. Nxe5 Qd4 6. Qh5+ g6 7. Nxg6 hxg6 8. Qxg6+ Kd8 9. d3 Bd6 10. Nc3 Ne7 11. Bg5 Rf8 12. 0-0-0 Be5 13. Bxe7+ Kxe7 14. Rhe1 f4 15. Qg5+ Rf6 16. Qg7+ Kd6 17. Qg8 b5 18. Qd8+ Kc5 19. Qxd4+ Bxd4 20. e5 Rg6 21. Ne4+ Kb6 22. c3 Bxe5 23. d4 Bd6 24. g3 Bg4 25. Rd3 Bf5 26. Kd2 Rh8 27. h4 Bxe4 28. Rxe4 fxg3 29. fxg3 Rxg3 30. Rxg3 Bxg3 31. Rg4 Bxh4 32. b3 Be7 33. Rg2 Bd6 34. c4 Rh2 35. c5+ Kb7 36. Rxh2 Bxh2 37. a4 bxa4 38. bxa4 Ka6 39. Kc3 Ka5 40. Kb3 Bg1 41. Kc4 Kxa4 0-1

[Event "Girona Gerunda op1st"]
[Site "Girona"]
[Date "2017.10.17"]
[Round "3"]
[White "Diaz Comas, Jordi"]
[Black "Alarcon Pages, Salvador"]
[Result "1/2-1/2"]
[WhiteElo "2067"]
[BlackElo "1948"]
[PlyCount "28"]
[EventDate "2017.09.26"]
[EventType "swiss"]
[EventRounds "9"]
[EventCountry "ESP"]
[SourceTitle "EXT 2019"]
[Source "ChessBase"]
[SourceDate "2018.10.10"]
[SourceVersion "1"]
[SourceVersionDate "2018.10.10"]
[SourceQuality "1"]

1. e4 c5 2. Nf3 Nc6 3. c3 d5 4. exd5 Qxd5 5. d4 Bg4 6. Be2 Rd8 7. Be3 Nf6 8. dxc5 e6 9. Qxd5 Rxd5 10. b4 Bf5 11. Nbd2 Be7 12. Nh4 Bd3 13. Bxd3 Rxd3 14. Rc1 Nd5 1/2-1/2

[Event "Sant Gregori Ajuntament op 2nd"]
[Site "Sant Gregori"]
[Date "2017.07.07"]
[Round "5.9"]
[White "Alarcon Pages, Salvador"]
[Black "Horta Gafarot, Biel"]
[Result "1-0"]
[WhiteElo "1928"]
[BlackElo "1892"]
[PlyCount "59"]
[EventDate "2017.07.03"]
[EventType "swiss"]
[EventRounds "7"]
[EventCountry "ESP"]
[SourceTitle "EXT 2024"]
[Source "ChessBase"]
[SourceDate "2023.10.10"]
[SourceVersion "1"]
[SourceVersionDate "2023.10.10"]
[SourceQuality "1"]

1. e4 e5 2. c4 Bc5 3. Nf3 Nc6 4. Be2 d6 5. 0-0 f5 6. d3 Nf6 7. Nc3 0-0 8. Nd5 Nxd5 9. cxd5 Nd4 10. Nxd4 Bxd4 11. exf5 Bxf5 12. Qb3 Qf6 13. Qd1 Qg6 14. Bh5 Qf6 15. Be2 Qg6 16. Bh5 Qf6 17. Be2 Qh4 18. g3 Qf6 19. Kg2 c6 20. Be3 Bxe3 21. fxe3 Qh6 22. g4 Bd7 23. e4 Rxf1 24. Bxf1 Rf8 25. Qb3 Qd2+ 26. Kh1 Rf2 27. dxc6+ Kh8 28. Kg1 Rxh2 29. Qf7 h6 30. cxd7 1-0

[Event "Costa Brava op 29th"]
[Site "Costa Brava"]
[Date "2016.11.12"]
[Round "6"]
[White "Alarcon Pages, Salvador"]
[Black "Mato Bonany, Joan"]
[Result "1/2-1/2"]
[WhiteElo "1662"]
[BlackElo "1881"]
[PlyCount "91"]
[EventDate "2016.09.24"]
[EventType "swiss"]
[EventRounds "9"]
[EventCountry "ESP"]
[SourceTitle "EXT 2018"]
[Source "ChessBase"]
[SourceDate "2017.10.13"]
[SourceVersion "1"]
[SourceVersionDate "2017.10.13"]
[SourceQuality "1"]

1. c4 g6 2. e4 Bg7 3. Nf3 c5 4. Nc3 Nc6 5. Be2 e6 6. Nb5 Bf8 7. 0-0 a6 8. Nc3 Bg7 9. d3 Nge7 10. Be3 Nd4 11. Bc1 Nec6 12. Nb1 0-0 13. Nbd2 d5 14. Nxd4 Nxd4 15. Nb3 Nxb3 16. axb3 d4 17. f4 f5 18. e5 Rb8 19. Bd2 b5 20. Rb1 Bd7 21. Bf3 Qb6 22. Kh1 Bc6 23. Rg1 Bxf3 24. Qxf3 Qb7 25. Qg3 Qc6 26. h3 bxc4 27. bxc4 Rb3 28. h4 Rfb8 29. h5 Kf7 30. Qh3 Rxb2 31. Rxb2 Rxb2 32. Bc1 Rb3 33. h6 Bf8 34. Kh2 a5 35. g4 a4 36. gxf5 exf5 37. Re1 Ke6 38. Rg1 Kf7 39. Re1 Qe6 40. Re2 Be7 41. Qf3 a3 42. Qa8 Bf8 43. Bxa3 Rxd3 44. Rb2 Qxc4 45. Rb7+ Be7 46. Rxe7+ 1/2-1/2

[Event "Girona op A"]
[Site "Girona"]
[Date "2015.05.??"]
[Round "7.5"]
[White "Alarcon Pages, Salvador"]
[Black "Vidal Palou, Jordi"]
[Result "1/2-1/2"]
[WhiteElo "1913"]
[BlackElo "1941"]
[PlyCount "41"]
[EventDate "2015.05.09"]
[EventType "tourn"]
[EventRounds "8"]
[EventCountry "ESP"]
[SourceTitle "EXT 2024"]
[Source "ChessBase"]
[SourceDate "2023.10.10"]
[SourceVersion "1"]
[SourceVersionDate "2023.10.10"]
[SourceQuality "1"]

1. e4 e5 2. Nf3 Nc6 3. c3 d6 4. Be2 Be7 5. 0-0 Nf6 6. Bd3 0-0 7. Bc2 Be6 8. d4 Bc4 9. Re1 Ba6 10. Bd3 Bxd3 11. Qxd3 Re8 12. d5 Nb8 13. Bg5 Nfd7 14. Bxe7 Qxe7 15. b4 Nf6 16. a4 Nbd7 17. Na3 a6 18. Rab1 Nb6 19. a5 Nbd7 20. h3 Rec8 21. Rbc1 1/2-1/2

[Event "Palafrugell Gelpi Memorial 28th"]
[Site "Palafrugell"]
[Date "2015.??.??"]
[Round "7"]
[White "Alarcon Pages, Salvador"]
[Black "Parals Marce, Luis"]
[Result "1/2-1/2"]
[WhiteElo "1948"]
[BlackElo "2217"]
[PlyCount "70"]
[EventDate "2015.09.26"]
[EventType "swiss"]
[EventRounds "9"]
[EventCountry "ESP"]
[SourceTitle "EXT 2017"]
[Source "ChessBase"]
[SourceDate "2016.10.25"]
[SourceVersion "1"]
[SourceVersionDate "2016.10.25"]
[SourceQuality "1"]

1. e4 c5 2. c4 Nc6 3. Nf3 e5 4. Be2 g6 5. d3 Bg7 6. Nc3 Nge7 7. Bd2 d6 8. h3 0-0 9. Nd5 Nxd5 10. cxd5 Nd4 11. Nxd4 exd4 12. 0-0 f5 13. Qc1 fxe4 14. dxe4 Qe8 15. Bd3 b5 16. b3 Bd7 17. Bh6 Rc8 18. Bxg7 Kxg7 19. Qb2 Qe5 20. Qe2 Rb8 21. Qd2 g5 22. f3 h5 23. Qf2 Rf6 24. Qd2 Rbf8 25. Kh1 Rf4 26. Qa5 Rh4 27. f4 gxf4 28. Qc7 Rf7 29. Qd8 Re7 30. Rf3 c4 31. bxc4 bxc4 32. Bxc4 d3 33. Raf1 Be8 34. Rxf4 Rxf4 35. Rxf4 d2 1/2-1/2

[Event "Girona op 5th"]
[Site "Girona"]
[Date "2014.07.23"]
[Round "9"]
[White "Alarcon Pages, Salvador"]
[Black "Parayre Soguero, Jordi"]
[Result "0-1"]
[WhiteElo "1905"]
[BlackElo "2110"]
[PlyCount "57"]
[EventDate "2014.07.15"]
[EventType "swiss"]
[EventRounds "9"]
[EventCountry "ESP"]
[SourceTitle "EXT 2016"]
[Source "ChessBase"]
[SourceDate "2015.10.08"]
[SourceVersion "1"]
[SourceVersionDate "2015.10.08"]
[SourceQuality "1"]

1. c4 e5 2. Nc3 Nc6 3. e4 Bc5 4. Nf3 f5 5. Nxe5 Bxf2+ 6. Kxf2 Nxe5 7. d4 Ng4+ 8. Kg1 d6 9. h3 N4f6 10. e5 dxe5 11. dxe5 Qxd1 12. Nxd1 Ne4 13. Kh2 Ne7 14. Be3 0-0 15. Bd3 Nc6 16. Bxe4 fxe4 17. Nc3 Nxe5 18. b3 Bf5 19. Bf4 Nd3 20. Bxc7 e3 21. Bg3 Rae8 22. Nd5 e2 23. Nf4 Nxf4 24. Bxf4 Bc2 25. Bd2 Bd1 26. Rc1 Rf1 27. Be1 Ref8 28. c5 Rxh1+ 29. Kxh1 0-1